000 01447nam a22002297a 4500
001 9870
003 FISKH
005 20260313090421.0
008 260310b cb ||||| |||| 00| 0 eng d
020 _a9789197657105
040 _aFISKH
_bbing
_cFISKH
_dFISKH
050 _aPZ7
082 _a800
100 _aByggmaster , Eva-Stina
245 _aThe water lily island :
_bកោះផ្កាព្រលិត /
_cBy Eva-Stina Byggmaster
260 _aPhnom Penh :
_bsval sondann ,
_c2008.
300 _a85 pages :
_billustrations ;
_c24 cm .
520 _aThe Water Lily Island is a bilingual poetry collection originally written in Swedish and rendered into English and Khmer, presenting a set of poems that explore themes of nature, emotion, reflection, and human experience. Although the full text isn’t widely summarized online, the title suggests that the water lily and its island act as symbolic images throughout the poems — often representing beauty, resilience, inner life, and connection to the natural world. The poems likely weave imagery of water lilies, islands, and landscapes with thoughtful reflections on self, existence, relationships, and the environment. This creates a poetic experience that invites readers to think deeply about inner emotional states and outer natural beauty, using the water lily as a recurring motif.
700 _aHokkhim , Chheng
_eTranslator
942 _2ddc
_cBK
_n0
999 _c9870
_d9870